[Event "RUS-ch Seniors"]
[Site "Tula"]
[Date "2004.05.14"]
[Round "5"]
[White "Golcman, Evgeny"]
[Black "Zemliansky, Yury"]
[Result "1-0"]
[WhiteElo "2330"]
[BlackElo "2274"]
[PlyCount "91"]
[EventDate "2004.05.??"]
[EventType "swiss"]
[EventRounds "9"]
[EventCountry "RUS"]
[SourceTitle "EXT 2005"]
[Source "ChessBase"]
[SourceDate "2004.11.15"]
[SourceVersion "1"]
[SourceVersionDate "2004.11.15"]
[SourceQuality "1"]

1. c4 e6 2. Nf3 d5 3. d4 Nf6 4. g3 c6 5. Qc2 Nbd7 6. Bg2 Bd6 7. 0-0 0-0 8. Bf4 Bxf4 9. gxf4 Ne4 10. Nc3 Nxc3 11. Qxc3 Nf6 12. Ne5 Ne4 13. Bxe4 dxe4 14. c5 f6 15. Nc4 Qd5 16. Nd6 b6 17. f3 exf3 18. e4 Qh5 19. Rxf3 bxc5 20. dxc5 a5 21. Kh1 a4 22. Rg1 Ba6 23. b4 Ra7 24. a3 Rd7 25. Rf2 Be2 26. h3 Bd1 27. Kh2 Bb3 28. Rfg2 Qh6 29. Qg3 Re7 30. f5 e5 31. Qf2 Qf4+ 32. Qxf4 exf4 33. Rf1 Rd8 34. Rxf4 Kf8 35. Rd2 Rc7 36. Rf3 Rb8 37. h4 Re7 38. Kg3 Bg8 39. Kf4 Bb3 40. Rc3 Bg8 41. Rd4 Bb3 42. Nc4 Bxc4 43. Rcxc4 h5 44. Rd6 Rc8 45. Rcd4 Ke8 46. Re6 1-0

[Event "RUS-ch Seniors"]
[Site "Tula"]
[Date "2004.05.11"]
[Round "2"]
[White "Sorokin, Valentin"]
[Black "Zemliansky, Yury"]
[Result "1/2-1/2"]
[WhiteElo "2394"]
[BlackElo "2274"]
[PlyCount "120"]
[EventDate "2004.05.??"]
[EventType "swiss"]
[EventRounds "9"]
[EventCountry "RUS"]
[SourceTitle "EXT 2005"]
[Source "ChessBase"]
[SourceDate "2004.11.15"]
[SourceVersion "1"]
[SourceVersionDate "2004.11.15"]
[SourceQuality "1"]

1. d4 Nf6 2. c4 e5 3. dxe5 Ng4 4. Nf3 Bc5 5. e3 Nc6 6. a3 a5 7. Nc3 Ngxe5 8. Be2 d6 9. 0-0 0-0 10. b3 Nxf3+ 11. Bxf3 Ne5 12. Bb2 Qf6 13. Kh1 Nxf3 14. gxf3 Bf5 15. Rg1 Bg6 16. Rg3 c6 17. Qd2 Rfd8 18. Ne4 Qe7 19. Qc3 f6 20. Rag1 d5 21. cxd5 Rxd5 22. Qc4 b5 23. Qc3 Rad8 24. Qxa5 Rd1 25. Nxc5 Qxc5 26. Bd4 Rxg1+ 27. Kxg1 Qd5 28. Qc3 c5 29. Qxc5 Qxb3 30. Kg2 Qd5 31. Qb6 Rd6 32. Qb8+ Rd8 33. Qc7 Rd7 34. Qc8+ Rd8 35. Qc3 Qc4 36. Qa5 Rc8 37. Qa6 Qc6 38. Qa7 Rc7 39. Qa5 Rc8 40. Qb4 Qc4 41. Rg4 Qxb4 42. axb4 Rc4 43. Bc5 Rxg4+ 44. fxg4 h5 45. gxh5 Bxh5 46. Kg3 Be2 47. Kf4 Kf7 48. h4 g6 49. f3 Ke6 50. Bd4 Bd1 51. e4 Be2 52. Ke3 Bd1 53. Bc3 Kf7 54. Bd4 Ke6 55. Bb6 Kf7 56. Bc7 Ke6 57. Kf4 Be2 58. Ke3 Bd1 59. f4 f5 60. e5 Kd5 1/2-1/2